[Event "Stuttgarter Stadtmeisterschaft 2010 A"]
[Site "Ditzingen"]
[Date "2010.05.13"]
[Round "2.25"]
[White "Hünerberg, Clemens"]
[Black "Gheng, Josef"]
[Result "0-1"]
[WhiteElo "1984"]
[BlackElo "2321"]
[PlyCount "50"]
[EventDate "2010.??.??"]

1. e4 e5 2. Nc3 Nf6 3. g3 Be7 4. Bg2 O-O 5. Nge2 d6 6. O-O Nbd7 7. d3 c6 8. f4
Qb6+ 9. Kh1 Ng4 10. d4 exd4 11. Qxd4 f5 12. h3 Nh6 13. Qxb6 axb6 14. exf5 Nxf5
15. Be4 Nc5 16. Bg2 d5 17. g4 Nh4 18. Be3 Bd6 19. f5 b5 20. Bxd5+ cxd5 21. Nxd5
Re8 22. Bxc5 Bxc5 23. Nc7 Rxe2 24. Nxa8 Bd7 25. Rae1 Rxc2 0-1

[Event "Stuttgarter Stadtmeisterschaft 2010 A"]
[Site "Ditzingen"]
[Date "2010.05.13"]
[Round "2.26"]
[White "Zimmermann, Ulrich"]
[Black "Vaysberg, Alexander"]
[Result "0-1"]
[WhiteElo "2022"]
[BlackElo "2218"]
[PlyCount "51"]
[EventDate "2010.??.??"]

1. d4 d5 2. c4 Nc6 3. Nf3 e5 4. cxd5 Qxd5 5. Nc3 Bb4 6. Bd2 Bxc3 7. Bxc3 e4 8.
Ne5 e3 9. f3 Nge7 10. Qd3 Bf5 11. Qxe3 O-O-O 12. Rd1 Rhe8 13. Qf4 g5 14. Qxg5
Nxe5 15. e4 Bxe4 16. Qxe5 Bxf3 17. Qxd5 Nxd5+ 18. Kd2 Bxd1 19. Kxd1 c5 20. Bb5
Re6 21. Bd3 cxd4 22. Bd2 Ne3+ 23. Kc1 Rc6+ 24. Kb1 h5 25. g3 Rf6 26. Bb4 0-1

[Event "Stuttgarter Stadtmeisterschaft 2010 A"]
[Site "Ditzingen"]
[Date "2010.05.13"]
[Round "2.27"]
[White "Gibicar, Danijel"]
[Black "Zhou, Syang"]
[Result "0-1"]
[WhiteElo "1965"]
[BlackElo "2206"]
[PlyCount "60"]
[EventDate "2010.??.??"]

1. d4 Nf6 2. c4 g6 3. g3 Bg7 4. Bg2 O-O 5. Nc3 d6 6. Nf3 c6 7. O-O Nbd7 8. e4
e5 9. Be3 Ng4 10. Qd2 Nxe3 11. fxe3 exd4 12. exd4 c5 13. Rad1 cxd4 14. Nxd4 Ne5
15. b3 Bg4 16. Nf3 Re8 17. Nb5 Qb6+ 18. Qf2 Bxf3 19. Qxb6 axb6 20. Bxf3 Rxa2
21. Rxd6 Bf8 22. Rd5 Bc5+ 23. Rxc5 bxc5 24. Nc3 Rb2 25. Nd5 Kg7 26. Bd1 Ra8 27.
Nc3 Ra1 28. h4 h5 29. Na4 Rd2 30. Nc3 Rd3 0-1

[Event "Stuttgarter Stadtmeisterschaft 2010 A"]
[Site "Ditzingen"]
[Date "2010.05.13"]
[Round "2.28"]
[White "Hirschfeld, Dennis"]
[Black "Gabriel, Josef"]
[Result "0-1"]
[WhiteElo "1980"]
[BlackElo "2165"]
[PlyCount "74"]
[EventDate "2010.??.??"]

1. d4 f5 2. Nf3 Nf6 3. Bg5 g6 4. Bxf6 exf6 5. e3 Nc6 6. Nbd2 Bg7 7. c3 O-O 8.
Bd3 Ne7 9. Qc2 d5 10. h3 b6 11. O-O-O c5 12. Rhg1 c4 13. Be2 b5 14. g4 b4 15.
cxb4 a5 16. b5 a4 17. Nb1 Bd7 18. Na3 Qb6 19. g5 Bxb5 20. gxf6 Bxf6 21. h4 Rfc8
22. Qc3 Be8 23. h5 Rab8 24. hxg6 Nxg6 25. Ne5 Kh8 26. Bh5 Be7 27. Bxg6 hxg6 28.
Nc2 Kg8 29. Rg2 Qa6 30. Rdg1 Rb6 31. f3 Rcb8 32. e4 a3 33. Nxg6 axb2+ 34. Kd2
Rxg6 35. Rxg6+ Qxg6 36. Rxg6+ Bxg6 37. Na3 Bxa3 0-1

[Event "Stuttgarter Stadtmeisterschaft 2010 A"]
[Site "Ditzingen"]
[Date "2010.05.13"]
[Round "2.29"]
[White "Hagemann, Tim"]
[Black "Marquardt, Patrick"]
[Result "1-0"]
[WhiteElo "2164"]
[BlackElo "1979"]
[PlyCount "59"]
[EventDate "2010.??.??"]

1. d4 d5 2. Nf3 e6 3. e3 Nf6 4. Bd3 c5 5. c3 Nc6 6. Nbd2 Be7 7. O-O O-O 8. dxc5
Bxc5 9. e4 Re8 10. e5 Nd7 11. Nb3 Be7 12. Re1 Qc7 13. Bf4 a6 14. Nbd4 h6 15.
Qd2 Bf8 16. Bc2 Ne7 17. h4 Nb6 18. b3 Bd7 19. Rac1 Rac8 20. h5 Qd8 21. g4 a5
22. a4 Rc5 23. g5 Qc8 24. gxh6 f5 25. hxg7 Kxg7 26. Bg5 Ng8 27. Bf6+ Nxf6 28.
Qg5+ Kh8 29. exf6 Rc7 30. f7 1-0

[Event "Stuttgarter Stadtmeisterschaft 2010 A"]
[Site "Ditzingen"]
[Date "2010.05.13"]
[Round "2.30"]
[White "Höschele, Hans-Ulrich"]
[Black "Schröder, Jan-Christian"]
[Result "1-0"]
[WhiteElo "2163"]
[BlackElo "1965"]
[PlyCount "77"]
[EventDate "2010.??.??"]

1. c4 e6 2. d4 d5 3. e3 Nf6 4. Nc3 Be7 5. Nf3 O-O 6. Bd3 Nbd7 7. cxd5 exd5 8.
Qb3 c6 9. Bd2 Bd6 10. Qc2 Re8 11. Ne2 Ne4 12. Bc3 Ndf6 13. Ng3 Qc7 14. Bxe4
Nxe4 15. Nxe4 dxe4 16. Nd2 Qe7 17. Nc4 Bc7 18. a3 Qg5 19. O-O-O Qd5 20. Nd2 a5
21. f3 Bf5 22. g4 Bg6 23. f4 Bxf4 24. exf4 e3 25. f5 e2 26. fxg6 exd1=Q+ 27.
Rxd1 hxg6 28. Qb3 Qxb3 29. Nxb3 b6 30. Kd2 Re4 31. Rg1 Rae8 32. Nc1 f6 33. Rg2
Kf7 34. Nd3 Re3 35. Ne5+ R3xe5 36. dxe5 fxe5 37. Ke3 Kf6 38. Ke4 Re7 39. g5+
1-0

[Event "Stuttgarter Stadtmeisterschaft 2010 A"]
[Site "Ditzingen"]
[Date "2010.05.13"]
[Round "2.31"]
[White "Lipecki, Alexander"]
[Black "Sommerhalder, Eric"]
[Result "1-0"]
[WhiteElo "2140"]
[BlackElo "1954"]
[PlyCount "132"]
[EventDate "2010.??.??"]

1. e4 Nc6 2. Nf3 Nf6 3. Nc3 d5 4. exd5 Nxd5 5. Bc4 Nxc3 6. bxc3 Bf5 7. Ba3 e5
8. Bxf8 Rxf8 9. Rb1 e4 10. Qe2 Qe7 11. Nd4 Nxd4 12. cxd4 O-O-O 13. Ba6 bxa6 14.
Qxa6+ Kd7 15. Qb5+ Ke6 16. Qe5+ Kd7 17. Qxf5+ Qe6 18. Qa5 Qc4 19. Qb5+ Qxb5 20.
Rxb5 Kc6 21. Rc5+ Kd6 22. Rc3 Rb8 23. Rb3 Kd5 24. c3 Rxb3 25. axb3 Rb8 26. Ke2
Rxb3 27. Ra1 Rb7 28. Ke3 c6 29. Ra5+ Kc4 30. Rc5+ Kb3 31. Rxc6 a5 32. Ra6 a4
33. c4 a3 34. c5 a2 35. c6 Rb4 36. Kxe4 Ra4 37. Rxa4 Kxa4 38. c7 a1=Q 39. c8=Q
Qe1+ 40. Kf3 Qd1+ 41. Kg3 Qxd2 42. Qc4+ Ka5 43. h4 h6 44. Qd5+ Kb6 45. Qxf7
Qxd4 46. Qf4 Qd7 47. Qe5 Kb7 48. f3 Ka8 49. Kh2 Kb7 50. g4 Qf7 51. Kg3 Kc6 52.
Qc3+ Kb7 53. f4 Kb6 54. f5 Qe7 55. Qd4+ Kc6 56. Qd2 Qe5+ 57. Kf3 h5 58. Qc2+
Kd6 59. Qd3+ Kc7 60. gxh5 Qh2 61. Kg4 Kc6 62. h6 Qg2+ 63. Qg3 Qe4+ 64. Qf4 Qg2+
65. Kh5 Qe2+ 66. Qg4 Qe8+ 1-0

[Event "Stuttgarter Stadtmeisterschaft 2010 A"]
[Site "Ditzingen"]
[Date "2010.05.13"]
[Round "2.32"]
[White "Bergner, Philipp"]
[Black "Stanescu, Christian"]
[Result "1/2-1/2"]
[WhiteElo "1884"]
[BlackElo "2140"]
[PlyCount "45"]
[EventDate "2010.??.??"]

1. d4 g6 2. e4 Bg7 3. c4 d6 4. Nc3 Nc6 5. Be3 e5 6. d5 Nce7 7. g4 f5 8. gxf5
gxf5 9. Bg5 Nf6 10. Bxf6 Bxf6 11. Qh5+ Kf8 12. Bh3 f4 13. Bxc8 Rxc8 14. Nf3 Qe8
15. Qxe8+ Kxe8 16. Ke2 Rg8 17. Rhg1 Rg6 18. Nd2 a6 19. Rxg6 hxg6 20. Kf3 Kd7
21. Nb3 b6 22. a4 a5 23. Nd2 1/2-1/2

[Event "Stuttgarter Stadtmeisterschaft 2010 A"]
[Site "Ditzingen"]
[Date "2010.05.13"]
[Round "2.33"]
[White "Lebeda, Timo"]
[Black "Aksenov, Pavel"]
[Result "1/2-1/2"]
[WhiteElo "1944"]
[BlackElo "2105"]
[PlyCount "56"]
[EventDate "2010.??.??"]

1. c4 e6 2. Nf3 c5 3. d4 cxd4 4. Nxd4 Nf6 5. g3 Nc6 6. Bg2 Be7 7. O-O O-O 8.
Nc3 a6 9. e3 Qc7 10. Qe2 b6 11. Nxc6 dxc6 12. a3 Bb7 13. b4 c5 14. Bxb7 Qxb7
15. b5 axb5 16. Nxb5 Rfd8 17. Bb2 Qe4 18. Rfd1 Ng4 19. Nc3 Qg6 20. Rxd8+ Bxd8
21. Rd1 Bf6 22. Qf3 Rb8 23. Na4 Bxb2 24. Nxb2 Qc2 25. Qxg4 Qxb2 26. Qf4 Rf8 27.
Qc7 h6 28. Kg2 Qb3 1/2-1/2

[Event "Stuttgarter Stadtmeisterschaft 2010 A"]
[Site "Ditzingen"]
[Date "2010.05.13"]
[Round "2.34"]
[White "Osmanovic, Faruk"]
[Black "Ohnmacht, Rolf"]
[Result "1-0"]
[WhiteElo "2104"]
[BlackElo "1946"]
[PlyCount "93"]
[EventDate "2010.??.??"]

1. e4 d5 2. exd5 Nf6 3. Nc3 Nxd5 4. Bc4 e6 5. Qf3 Nb6 6. Bb3 Nc6 7. Nge2 a6 8.
O-O Bd6 9. Ne4 Qe7 10. d4 f5 11. Nxd6+ cxd6 12. Qg3 d5 13. Bf4 g5 14. Bxg5 Qf7
15. Qd6 Rg8 16. Be3 Qe7 17. Qxe7+ Kxe7 18. Rfe1 Bd7 19. Nf4 Kf7 20. Nd3 Rae8
21. Rad1 Bc8 22. Ne5+ Nxe5 23. dxe5 Nd7 24. f4 b5 25. a4 Bb7 26. g3 h5 27. Kf2
Rg6 28. Bd4 Reg8 29. axb5 axb5 30. Ra1 h4 31. Re3 hxg3+ 32. hxg3 Ra8 33. Rxa8
Bxa8 34. Rc3 Rg8 35. Rc7 Rd8 36. Bc5 Ke8 37. Bd6 Kf7 38. c3 d4 39. cxd4 Be4 40.
Bd1 Kg6 41. Be7 Rh8 42. Rxd7 Rh2+ 43. Ke1 Rxb2 44. Bf6 b4 45. Rg7+ Kh6 46. Rg8
Rb1 47. Kd2 1-0

[Event "Stuttgarter Stadtmeisterschaft 2010 A"]
[Site "Ditzingen"]
[Date "2010.05.13"]
[Round "2.35"]
[White "Bluma, Marcel"]
[Black "Lerner, Jürgen"]
[Result "1-0"]
[WhiteElo "2095"]
[BlackElo "1884"]
[PlyCount "127"]
[EventDate "2010.??.??"]

1. e4 c6 2. d4 d5 3. exd5 cxd5 4. Nf3 Nf6 5. Nc3 Bg4 6. h3 Bh5 7. Bf4 Nc6 8.
Be2 Bxf3 9. Bxf3 e6 10. O-O Qb6 11. Ne2 Be7 12. Rb1 O-O 13. c3 Na5 14. Ng3 Rfc8
15. Be2 Qd8 16. Bd3 Nc4 17. Re1 b5 18. Be5 a5 19. f4 g6 20. Qc1 b4 21. f5 exf5
22. Bxf5 Rc6 23. Bd3 Nd6 24. Rf1 bxc3 25. bxc3 Rac8 26. Qf4 Nfe8 27. Bb5 Bg5
28. Qf3 Rxc3 29. Qxd5 Qe7 30. Bxe8 Nxe8 31. Rb7 Nc7 32. Qxa5 Ra3 33. Rxc7 Rxc7
34. Qxc7 Qxc7 35. Bxc7 Be3+ 36. Kh2 Bxd4 37. Rd1 Bf6 38. Rd2 Bg5 39. Rc2 h5 40.
Bd6 Rd3 41. Ne4 Be3 42. Rc8+ Kh7 43. Be5 g5 44. Ng3 f6 45. Rc3 Rxc3 46. Bxc3
Bf4 47. Bxf6 h4 48. Kg1 hxg3 49. Kf1 Kg6 50. Bd8 Kf5 51. Ke2 Ke6 52. a4 Kd7 53.
Bb6 Kc6 54. Be3 Bd6 55. Bxg5 Kc5 56. Bd2 Kd4 57. a5 Ke4 58. Be3 Kd5 59. a6 Kc6
60. Kf3 Bc7 61. Kg4 Bd6 62. h4 Be5 63. h5 Bd6 64. h6 1-0

[Event "Stuttgarter Stadtmeisterschaft 2010 A"]
[Site "Ditzingen"]
[Date "2010.05.13"]
[Round "2.36"]
[White "Imhof, Thomas"]
[Black "Huynh, Nhi Lang"]
[Result "1-0"]
[WhiteElo "2094"]
[BlackElo "1869"]
[PlyCount "43"]
[EventDate "2010.??.??"]

1. e4 Nf6 2. e5 Nd5 3. d4 d6 4. c4 Nb6 5. exd6 cxd6 6. Nf3 g6 7. Nc3 Bg7 8. Be2
O-O 9. O-O Nc6 10. Be3 Bg4 11. b3 Rc8 12. Qd2 Re8 13. d5 Nb8 14. Bd4 N8d7 15.
Bxg7 Kxg7 16. h3 Bxf3 17. Bxf3 Ne5 18. Be2 f5 19. Nb5 a6 20. Nd4 Qd7 21. Ne6+
Kh8 22. f4 1-0

[Event "Stuttgarter Stadtmeisterschaft 2010 A"]
[Site "Ditzingen"]
[Date "2010.05.13"]
[Round "2.37"]
[White "Baumeister, Jürgen"]
[Black "Reichert, Matthias"]
[Result "1/2-1/2"]
[WhiteElo "1847"]
[BlackElo "2092"]
[PlyCount "68"]
[EventDate "2010.??.??"]

1. Nc3 g6 2. e4 Bg7 3. Bc4 d6 4. d3 c5 5. Be3 Nc6 6. a3 Nf6 7. Nge2 Ng4 8. Bd2
Nge5 9. Ba2 Bg4 10. f4 Bxe2 11. Nxe2 Ng4 12. c3 e6 13. g3 O-O 14. h3 Nf6 15.
Ng1 d5 16. Qf3 d4 17. Ne2 Nd7 18. Qf2 Qb6 19. Rb1 Qa6 20. c4 Qa4 21. O-O Qc2
22. Nc1 a6 23. Be1 Qxf2+ 24. Rxf2 f5 25. b4 fxe4 26. dxe4 e5 27. Nd3 b6 28.
bxc5 bxc5 29. Rb7 Rf7 30. Rfb2 Nd8 31. R7b3 Re7 32. Re2 Ne6 33. Bb1 Rf8 34. Bd2
Nd8 1/2-1/2

[Event "Stuttgarter Stadtmeisterschaft 2010 A"]
[Site "Ditzingen"]
[Date "2010.05.13"]
[Round "2.38"]
[White "Lumsdon, Andrew"]
[Black "Maisch, Julian"]
[Result "0-1"]
[WhiteElo "2081"]
[BlackElo "1862"]
[PlyCount "64"]
[EventDate "2010.??.??"]

1. e4 e6 2. f4 d5 3. e5 c5 4. Nf3 Nc6 5. Be2 Nge7 6. d3 Nf5 7. c3 Be7 8. O-O
O-O 9. g4 Nh6 10. h3 Kh8 11. Qe1 b6 12. Qg3 d4 13. c4 Bb7 14. Nbd2 f6 15. Ne4
fxe5 16. fxe5 Nb4 17. Nfg5 Rxf1+ 18. Bxf1 Qd7 19. Bg2 Rf8 20. Bd2 Nc6 21. Re1
Nd8 22. Nf3 Nhf7 23. g5 Bxe4 24. Rxe4 g6 25. h4 Kg7 26. h5 Qa4 27. Nh4 Qd1+ 28.
Be1 Bxg5 29. hxg6 hxg6 30. Rg4 Rh8 31. Nxg6 Be3+ 32. Kf1 Qxd3# 0-1

[Event "Stuttgarter Stadtmeisterschaft 2010 A"]
[Site "Ditzingen"]
[Date "2010.05.13"]
[Round "2.39"]
[White "Pietzka, Martin"]
[Black "Geshnizjani, Ramin Tobias"]
[Result "0-1"]
[WhiteElo "1860"]
[BlackElo "2077"]
[PlyCount "82"]
[EventDate "2010.??.??"]

1. e4 c5 2. Nf3 Nc6 3. Nc3 g6 4. Bb5 Bg7 5. Bxc6 bxc6 6. O-O Nf6 7. h3 O-O 8.
d3 d5 9. e5 Nd7 10. Qe2 c4 11. d4 e6 12. Bg5 Qb6 13. Qe3 Qxb2 14. Be7 Re8 15.
Rfc1 Rxe7 16. Rab1 Qa3 17. Nxd5 Qxe3 18. Nxe7+ Kf8 19. fxe3 Kxe7 20. Rd1 Nb6
21. e4 Ba6 22. Rb4 Rd8 23. a4 c5 24. Rbb1 Nxa4 25. d5 Nc3 26. d6+ Ke8 27. Ra1
Nxd1 28. Rxa6 Nc3 29. Rxa7 Nxe4 30. Kf1 Bh6 31. g4 Nd2+ 32. Nxd2 Bxd2 33. Re7+
Kf8 34. Rc7 Be3 35. Ke2 Bd4 36. h4 Bxe5 37. Rxc5 Bxd6 38. Rxc4 Ke7 39. g5 h6
40. gxh6 Rh8 41. Ra4 Rxh6 0-1

[Event "Stuttgarter Stadtmeisterschaft 2010 A"]
[Site "Ditzingen"]
[Date "2010.05.13"]
[Round "2.40"]
[White "Stets, Dmitry"]
[Black "Ruff, Robert"]
[Result "1-0"]
[WhiteElo "2450"]
[BlackElo "1848"]
[PlyCount "79"]
[EventDate "2010.??.??"]

1. e4 e6 2. d4 d5 3. Nc3 Bb4 4. Nge2 dxe4 5. a3 Bxc3+ 6. Nxc3 Nf6 7. Bg5 Bd7 8.
Nxe4 Bc6 9. Nxf6+ gxf6 10. Bh4 Nd7 11. Qh5 Qe7 12. O-O-O O-O-O 13. f3 Qd6 14.
Bc4 Nb6 15. Bg3 Qd7 16. Bd3 Qxd4 17. Qxf7 Qe3+ 18. Kb1 Rd7 19. Qxf6 Rhd8 20.
Rhe1 Qc5 21. Rxe6 Nc4 22. Rxc6 bxc6 23. Bf5 Nd6 24. Bxd6 cxd6 25. Rxd6 Kc7 26.
Rxd7+ Rxd7 27. Bxd7 Kxd7 28. Qg7+ Kc8 29. h4 Qg1+ 30. Ka2 Qf2 31. Qg8+ Kb7 32.
h5 h6 33. Qf7+ Kb6 34. g4 a5 35. a4 Qd4 36. b3 Qc3 37. Qf5 c5 38. Qd3 Qxd3 39.
cxd3 Kc6 40. g5 1-0

[Event "Stuttgarter Stadtmeisterschaft 2010 A"]
[Site "Ditzingen"]
[Date "2010.05.13"]
[Round "2.41"]
[White "Naumann, Axel"]
[Black "Schnepel, Thomas"]
[Result "1/2-1/2"]
[WhiteElo "2209"]
[BlackElo "1957"]
[PlyCount "93"]
[EventDate "2010.??.??"]

1. e4 c5 2. Nf3 Nc6 3. d4 cxd4 4. Nxd4 Nf6 5. Nc3 e5 6. Ndb5 d6 7. Bg5 a6 8.
Na3 b5 9. Bxf6 gxf6 10. Nd5 f5 11. Bxb5 axb5 12. Nxb5 Ra4 13. Nbc7+ Kd7 14. b4
Rxb4 15. Nxb4 Nxb4 16. Nd5 Qa5 17. O-O Nxd5 18. exd5 Rg8 19. c4 Ke8 20. Rb1
Qxa2 21. Ra1 Qxc4 22. Rc1 Qe4 23. f3 Qe3+ 24. Kh1 Bd7 25. Rc7 Be7 26. Qc2 Bd8
27. Rb7 Qg5 28. Ra1 f4 29. Raa7 Qf5 30. Qc1 Qg6 31. Qg1 Bh3 32. Ra2 Qd3 33. Qb1
Qxd5 34. Rb5 Qc6 35. Rc2 Bxg2+ 36. Rxg2 Qxf3 37. Rbb2 Bb6 38. Rbc2 Rxg2 39.
Rxg2 Bc5 40. Qb8+ Kd7 41. Qb5+ Ke6 42. Qe8+ Kf6 43. Qd8+ Kf5 44. Qd7+ Ke4 45.
Qb7+ Ke3 46. Qb3+ Ke4 47. Qb7+ 1/2-1/2

[Event "Stuttgarter Stadtmeisterschaft 2010 A"]
[Site "Ditzingen"]
[Date "2010.05.13"]
[Round "2.42"]
[White "Fahnenschmidt, Gerhard"]
[Black "Schömbs, Oliver"]
[Result "1-0"]
[WhiteElo "2059"]
[BlackElo "1952"]
[PlyCount "55"]
[EventDate "2010.??.??"]

1. c4 Nf6 2. Nc3 g6 3. e4 d6 4. d4 Bg7 5. Bd3 Nbd7 6. Bg5 c5 7. d5 O-O 8. f4 e5
9. dxe6 fxe6 10. Nf3 Qa5 11. O-O a6 12. Bc2 Qc7 13. Qd2 b6 14. Rad1 Ne8 15. Be7
Rf7 16. Bxd6 Bd4+ 17. Nxd4 Qxd6 18. Nde2 Qf8 19. f5 exf5 20. exf5 gxf5 21. Ng3
Ne5 22. Qd5 Ng4 23. Qxa8 Qh6 24. Rf3 Qxh2+ 25. Kf1 Re7 26. Qxc8 Ne3+ 27. Rxe3
Rxe3 28. Rd8 1-0

[Event "Stuttgarter Stadtmeisterschaft 2010 A"]
[Site "Ditzingen"]
[Date "2010.05.13"]
[Round "2.43"]
[White "Schlachetzki, Horst"]
[Black "Turski, Tomasz"]
[Result "1/2-1/2"]
[WhiteElo "1948"]
[BlackElo "2056"]
[PlyCount "89"]
[EventDate "2010.??.??"]

1. e4 d6 2. d4 Nf6 3. Nc3 c6 4. f4 g6 5. Nf3 Bg7 6. Bd3 O-O 7. O-O Nbd7 8. Kh1
e5 9. dxe5 dxe5 10. f5 Qc7 11. fxg6 hxg6 12. Be3 Ng4 13. Bg1 b5 14. Qe2 Qd8 15.
Rad1 Qe7 16. h3 Ngf6 17. Qe3 Nh5 18. Ne2 Nb6 19. g4 Nf4 20. Nxf4 exf4 21. Qc5
Qxc5 22. Bxc5 Re8 23. b3 Bb7 24. Bd6 Nd7 25. Bxf4 Nc5 26. Rde1 Rad8 27. Re3 a6
28. Bc7 Rd7 29. Bb6 Ne6 30. b4 Bc3 31. Rb1 Nd4 32. Nxd4 Bxd4 33. Bxd4 Rxd4 34.
c3 Rd7 35. Rbe1 Red8 36. Bc2 Rd2 37. R1e2 Kg7 38. Kg2 g5 39. Kf2 Kf6 40. Rxd2
Rxd2+ 41. Re2 Rxe2+ 42. Kxe2 Ke5 43. Ke3 Bc8 44. Bb3 f6 45. a4 1/2-1/2

[Event "Stuttgarter Stadtmeisterschaft 2010 A"]
[Site "Ditzingen"]
[Date "2010.05.13"]
[Round "2.44"]
[White "Keller, Harald"]
[Black "Kreiter, Thomas"]
[Result "1/2-1/2"]
[WhiteElo "2052"]
[BlackElo "1935"]
[PlyCount "50"]
[EventDate "2010.??.??"]

1. e4 c5 2. Nf3 Nc6 3. c3 d5 4. exd5 Qxd5 5. d4 Bg4 6. Be2 cxd4 7. cxd4 e6 8.
Nc3 Bb4 9. O-O Qa5 10. Ne4 Rd8 11. Be3 Be7 12. a3 Nf6 13. b4 Qc7 14. Nxf6+ Bxf6
15. Rc1 Qd6 16. Qa4 O-O 17. b5 Bxf3 18. Bxf3 Nxd4 19. Bxd4 Bxd4 20. Bxb7 Qf4
21. Qc2 Bb6 22. Rfd1 Qg5 23. a4 Rxd1+ 24. Rxd1 Rd8 25. Rxd8+ Qxd8 1/2-1/2

[Event "Stuttgarter Stadtmeisterschaft 2010 A"]
[Site "Ditzingen"]
[Date "2010.05.13"]
[Round "2.45"]
[White "Jehle, Anja"]
[Black "Sieker, Roland"]
[Result "0-1"]
[WhiteElo "1953"]
[BlackElo "2050"]
[PlyCount "120"]
[EventDate "2010.??.??"]

1. d4 Nf6 2. c4 c5 3. d5 e5 4. Nc3 d6 5. e4 Nbd7 6. Be3 Be7 7. Be2 O-O 8. Qd2
Ne8 9. g4 g6 10. O-O-O Ng7 11. Bh6 Kh8 12. h4 Nf6 13. h5 Ng8 14. Be3 gxh5 15.
g5 f5 16. gxf6 Nxf6 17. Kb1 Ng4 18. Bxg4 Bxg4 19. f3 Bxf3 20. Nxf3 Rxf3 21. Bh6
Rg3 22. Bxg7+ Rxg7 23. Rxh5 Qg8 24. Qh2 Rf8 25. Nb5 Rff7 26. Rh6 Rg2 27. Qh5
Rff2 28. Nc3 Rxb2+ 29. Ka1 Rbf2 30. Re6 Bf8 31. Re8 Qg6 32. Qxg6 hxg6 33. Rb8
Rf7 34. Nb5 Kg7 35. Nxa7 Rc2 36. Nb5 Rxc4 37. Rd8 Rxe4 38. Nxd6 Bxd6 39. Rxd6
Ref4 40. Rg1 Rf1+ 41. Rxf1 Rxf1+ 42. Kb2 Rf7 43. Re6 Rd7 44. Rxe5 Kf6 45. Re6+
Kf5 46. Rb6 g5 47. Kc3 Ke5 48. Re6+ Kxd5 49. Rg6 Re7 50. Rxg5+ Re5 51. Rg2 Re3+
52. Kc2 b5 53. Rg5+ Kd4 54. Rg4+ Re4 55. Rg2 Kc4 56. Rh2 Kb4 57. Kb2 c4 58. a3+
Ka4 59. Rh3 Rd4 60. Kc2 Rd3 0-1

[Event "Stuttgarter Stadtmeisterschaft 2010 A"]
[Site "Ditzingen"]
[Date "2010.05.13"]
[Round "2.46"]
[White "Erben, Larissa"]
[Black "Rudhart, Michael"]
[Result "1-0"]
[WhiteElo "2042"]
[BlackElo "1926"]
[PlyCount "43"]
[EventDate "2010.??.??"]

1. e4 c5 2. Nf3 e6 3. d4 cxd4 4. Nxd4 Bc5 5. Nb3 Bb6 6. Nc3 a6 7. Bf4 Ne7 8.
Bd6 O-O 9. Bd3 Bc7 10. e5 f6 11. Qh5 g6 12. Qh4 Bxd6 13. exd6 Nec6 14. O-O-O
Kg7 15. f4 f5 16. Qf2 b5 17. Rhe1 b4 18. Na4 a5 19. Nbc5 Na6 20. Bxa6 Bxa6 21.
Nb6 Ra7 22. Nbxd7 1-0

[Event "Stuttgarter Stadtmeisterschaft 2010 A"]
[Site "Ditzingen"]
[Date "2010.05.13"]
[Round "2.47"]
[White "Grünert, Thomas"]
[Black "Gehringer, Frank"]
[Result "0-1"]
[WhiteElo "1929"]
[BlackElo "2039"]
[PlyCount "44"]
[EventDate "2010.??.??"]

1. d4 Nf6 2. Nf3 d5 3. e3 e6 4. Bd3 c5 5. c3 Nc6 6. Nbd2 Bd6 7. O-O O-O 8. dxc5
Bxc5 9. e4 Qc7 10. exd5 exd5 11. h3 Re8 12. Nb3 Bb6 13. Bg5 Ne4 14. Qc2 Bxh3
15. Bh4 Qf4 16. Bxe4 dxe4 17. Nbd4 exf3 18. Bg3 Nxd4 19. cxd4 Qf5 20. Qc3 Bxg2
21. Rfe1 Qh3 22. Bh2 Bh1 0-1

[Event "Stuttgarter Stadtmeisterschaft 2010 A"]
[Site "Ditzingen"]
[Date "2010.05.13"]
[Round "2.48"]
[White "Roth, Stefan"]
[Black "Schäfer, Daniela"]
[Result "1/2-1/2"]
[WhiteElo "2034"]
[BlackElo "1917"]
[PlyCount "51"]
[EventDate "2010.??.??"]

1. e4 d6 2. d4 Nf6 3. Nc3 Nbd7 4. g3 e5 5. Nge2 Be7 6. Bg2 O-O 7. O-O c6 8. h3
b5 9. a3 Rb8 10. Be3 a5 11. Qd2 Qc7 12. f4 b4 13. axb4 axb4 14. Nd1 Rd8 15. Nf2
exd4 16. Nxd4 c5 17. Nf5 Bf8 18. g4 Nb6 19. Qe2 d5 20. e5 Ne8 21. b3 Bb7 22. g5
d4 23. Bd2 Bxg2 24. Kxg2 Qc6+ 25. Kh2 Qg6 26. Qd3 1/2-1/2

[Event "Stuttgarter Stadtmeisterschaft 2010 A"]
[Site "Ditzingen"]
[Date "2010.05.13"]
[Round "2.49"]
[White "Tominski, Norbert"]
[Black "Zikeli, Saskia"]
[Result "1/2-1/2"]
[WhiteElo "1921"]
[BlackElo "2033"]
[PlyCount "85"]
[EventDate "2010.??.??"]

1. d4 Nf6 2. Nf3 g6 3. c4 Bg7 4. Nc3 O-O 5. e4 d6 6. Be2 e5 7. dxe5 dxe5 8. Bg5
Qxd1+ 9. Rxd1 c6 10. h3 Re8 11. O-O Na6 12. Be3 Nh5 13. Rfe1 Nf4 14. Bf1 Ne6
15. Rd2 f5 16. Rdd1 f4 17. Bc1 g5 18. b3 h5 19. Be2 Bf6 20. Ba3 Kg7 21. Bd6 Nd4
22. Nxd4 exd4 23. Bxh5 Rh8 24. e5 Bd8 25. Rxd4 Rxh5 26. Bf8+ Kxf8 27. Rxd8+ Ke7
28. Rg8 Rb8 29. Ne4 Bf5 30. Rg7+ Kf8 31. Rxg5 Rxg5 32. Nxg5 Rd8 33. g4 fxg3 34.
fxg3 Ke7 35. Rf1 Be6 36. Rf6 Nc7 37. Rh6 Rf8 38. Rh7+ Bf7 39. g4 Ne6 40. Ne4
Nf4 41. Kh2 Ng6 42. e6 Kxe6 43. Nc5+ 1/2-1/2

[Event "Stuttgarter Stadtmeisterschaft 2010 A"]
[Site "Ditzingen"]
[Date "2010.05.13"]
[Round "2.50"]
[White "Bissbort, Julian"]
[Black "Paschmann, Stefan"]
[Result "1-0"]
[WhiteElo "2027"]
[BlackElo "1913"]
[PlyCount "52"]
[EventDate "2010.??.??"]

1. e4 c6 2. d4 d5 3. exd5 cxd5 4. Bd3 Nc6 5. Nf3 Bg4 6. c3 Qc7 7. Bg5 e6 8.
Nbd2 Bd6 9. Qc2 Bh5 10. Bxh7 Nf6 11. Bd3 Bxf3 12. Nxf3 Ng4 13. h3 Bg3 14. fxg3
Qxg3+ 15. Kd2 Qxg2+ 16. Be2 Nf2 17. Rag1 Ne4+ 18. Kc1 Qf2 19. Rh2 Qxg1+ 20.
Nxg1 Nxg5 21. Rg2 Nxh3 22. Nxh3 Rxh3 23. Bb5 Rh1+ 24. Kd2 g6 25. Qd3 O-O-O 26.
Bxc6 bxc6 1-0

[Event "Stuttgarter Stadtmeisterschaft 2010 A"]
[Site "Ditzingen"]
[Date "2010.05.13"]
[Round "2.51"]
[White "Kvetny, Mark"]
[Black "Probst, Alexander"]
[Result "1-0"]
[WhiteElo "1916"]
[BlackElo "2024"]
[PlyCount "73"]
[EventDate "2010.??.??"]

1. d4 Nf6 2. c4 g6 3. Nc3 d5 4. Bg5 Ne4 5. Bh4 Nxc3 6. bxc3 Bg7 7. Nf3 c5 8. e3
Nc6 9. cxd5 Qxd5 10. Be2 O-O 11. O-O Bf5 12. Nd2 cxd4 13. cxd4 e5 14. Bc4 Qa5
15. d5 Nb4 16. e4 Bd7 17. Qb3 Ba4 18. Qc3 Nc6 19. Qxa5 Nxa5 20. Bd3 Rac8 21.
Be7 Rfe8 22. Bb4 b6 23. Rfc1 Bh6 24. Ba6 Rc2 25. Rxc2 Bxc2 26. Re1 f5 27. exf5
Bxf5 28. Ne4 Rd8 29. Be7 Rb8 30. d6 Bf8 31. Nf6+ Kg7 32. Nd5 Nc6 33. Rc1 Bd7
34. Nf6 Bc8 35. Rxc6 Bxa6 36. Nd7 Re8 37. Bxf8+ 1-0

[Event "Stuttgarter Stadtmeisterschaft 2010 A"]
[Site "Ditzingen"]
[Date "2010.05.13"]
[Round "2.52"]
[White "Hoffmann, Jonas"]
[Black "Göbel, Constantin"]
[Result "0-1"]
[WhiteElo "1910"]
[BlackElo "2011"]
[PlyCount "64"]
[EventDate "2010.??.??"]

1. d4 e6 2. Nf3 Nf6 3. e3 c5 4. Bd3 b6 5. Nbd2 Bb7 6. O-O Nc6 7. b3 Qc7 8. a3
cxd4 9. exd4 Nd5 10. c4 Nf4 11. Bb1 Be7 12. Bb2 d5 13. g3 Ng6 14. cxd5 exd5 15.
Re1 O-O 16. Bf5 Bf6 17. Rc1 Qd6 18. b4 Nge7 19. Bb1 a6 20. Nf1 g6 21. Ne3 Bg7
22. Ng4 Bc8 23. Nfe5 Nd8 24. Qd2 f6 25. Nh6+ Bxh6 26. Qxh6 fxe5 27. dxe5 Qe6
28. Rc7 Qf7 29. f4 Ne6 30. Rxe7 Qxe7 31. f5 gxf5 32. Rf1 Qg5 0-1